Recensements européens (Registro nro. 48133)
[ vista simple ]
| 000 -CABECERA | |
|---|---|
| Longitud fija campo de control | 01161naa a2200277 c 4500 |
| 001 - NÚMERO DE CONTROL | |
| Número de control | 48133 |
| 003 - IDENTIFICADOR DE NÚMERO DE CONTROL | |
| Identificador del número de control | ES-MaCES |
| 005 - FECHA Y HORA DE LA ÚLTIMA TRANSACCIÓN | |
| Fecha y hora de la última transacción | 20161102094626.0 |
| 008 - CAMPO FIJO DE DESCRIPCIÓN FIJA--INFORMACIÓN GENERAL | |
| Códigos de información de longitud fija | 160912s2016 fr ||||| t||||||| ||fre d |
| 040 ## - FUENTE DE CATALOGACIÓN | |
| Centro catalogador de origen | ES-MaCES |
| Lengua de catalogación | spa |
| Centro transcriptor | ES-MaCES |
| Centro modificado | ES-MaCES |
| 100 1# - ENCABEZAMIENTO PRINCIPAL--NOMBRE PERSONAL | |
| 9 (RLIN) | 12088 |
| Nombre de persona | Festy, Patrick |
| 245 10 - MENCIÓN DE TÍTULO | |
| Título | Recensements européens |
| Resto del título | : mouvements centrifuges et forces de rappel |
| Mención de responsabilidad, etc. | Patrick Festy, Nathalie Le Bouteillec |
| 500 ## - NOTA GENERAL | |
| Nota general | Resumen |
| 504 ## - NOTA DE BIBLIOGRAFÍA, ETC. | |
| Nota de bibliografía, etc. | Bibliografía: p. 282-284 |
| 650 #4 - ASIENTO SECUNDARIO DE MATERIA--TÉRMINO DE MATERIA | |
| 9 (RLIN) | 28847 |
| Término de materia o nombre geográfico como elemento inicial | censo |
| 650 #4 - ASIENTO SECUNDARIO DE MATERIA--TÉRMINO DE MATERIA | |
| 9 (RLIN) | 28510 |
| Término de materia o nombre geográfico como elemento inicial | dinámica poblacional |
| 650 #4 - ASIENTO SECUNDARIO DE MATERIA--TÉRMINO DE MATERIA | |
| 9 (RLIN) | 28502 |
| Término de materia o nombre geográfico como elemento inicial | demografía |
| 650 #4 - ASIENTO SECUNDARIO DE MATERIA--TÉRMINO DE MATERIA | |
| 9 (RLIN) | 28842 |
| Término de materia o nombre geográfico como elemento inicial | metodología |
| 650 #4 - ASIENTO SECUNDARIO DE MATERIA--TÉRMINO DE MATERIA | |
| 9 (RLIN) | 28255 |
| Término de materia o nombre geográfico como elemento inicial | normalización |
| 650 #4 - ASIENTO SECUNDARIO DE MATERIA--TÉRMINO DE MATERIA | |
| 9 (RLIN) | 26752 |
| Término de materia o nombre geográfico como elemento inicial | UE |
| 653 10 - TÉRMINO DE INDEXACIÓN--NO CONTROLADO | |
| Término no controlado | Ciencias Sociales-Políticas |
| 700 1# - ENCABEZAMIENTO SECUNDARIO--NOMBRE PERSONAL | |
| 9 (RLIN) | 37284 |
| Nombre de persona | Bouteillec, Nathalie Le |
| 773 0# - ENTRADA DE DOCUMENTO FUENTE | |
| Itemnumber del ítem fuente | 84687 |
| Lugar, editor y fecha de publicación | Paris (18, boulevard Adolphe Pinard, 75675, Cedex 14) Ministére de l'économie, des finances et de l'industrie, Institut national de la statistique et des études économiques [ca. 1967]- |
| Otro identificador del documento | 087588 |
| Título | Economie et statistique |
| Número de control del registro relacionado | (ES-MaCES)25701 |
| Parte(s) relacionada(s) | nº 483-484-485 (2016) {10700 R. 087588} ;p. 259-284 |
| 902 ## - CES. TIPO DE DOCUMENTO | |
| Tipodoc (006$c Sirtex) | ART Artículo de revista |
| 942 ## - ELEMENTOS KOHA | |
| Fuente de clasificaión o esquema | Clasificación propia del CES |
| Koha [por defecto] tipo de item | Artículos (1982-2017) |
| Parte de clasificación | Ciencias Sociales Politicas Empresariale |
No hay ítems disponibles.
